Animal Stories (Record no. 14460)

MARC details
000 -LEADER
fixed length control field 01493nam a22003017a 4500
003 - CONTROL NUMBER IDENTIFIER
control field dpl
005 - DATE AND TIME OF LATEST TRANSACTION
control field 20080715160212.0
007 - PHYSICAL DESCRIPTION FIXED FIELD--GENERAL INFORMATION
fixed length control field ta
008 - FIXED-LENGTH DATA ELEMENTS--GENERAL INFORMATION
fixed length control field 080708t xxu||||| |||| 00| 0 eng d
010 ## - LIBRARY OF CONGRESS CONTROL NUMBER
LC control number DVD-000007-09
024 ## - OTHER STANDARD IDENTIFIER
Terms of availability Rs.99.00
037 ## - SOURCE OF ACQUISITION
Stock number 0173/ 12-05-08
040 ## - CATALOGING SOURCE
Original cataloging agency Dpl
Transcribing agency dpl
082 ## - DEWEY DECIMAL CLASSIFICATION NUMBER
Classification number CD / ANIM
245 ## - TITLE STATEMENT
Title Animal Stories
Statement of responsibility, etc Produced by Maritop Corporation, distributed by Poineers Office Automation
Medium CD-Rom
260 ## - PUBLICATION, DISTRIBUTION, ETC. (IMPRINT)
Name of publisher, distributor, etc Maritop Corporation
Date of publication, distribution, etc 2008
300 ## - PHYSICAL DESCRIPTION
Extent 1 disc (CD)
440 ## - SERIES STATEMENT/ADDED ENTRY--TITLE
Title Apple Tree Knowledge Series
500 ## - GENERAL NOTE
General note for Age5 to 12 years
538 ## - SYSTEM DETAILS NOTE
System details note Minimus system reauirements: P-II & above, 64 MB RAM, CD-Rom Drive, Windows 95/98//2000/NT, 256 Color VGA Display
538 ## - SYSTEM DETAILS NOTE
System details note Installation:Insert the CD ROM in the CD Rom drive, the CD will run automatically
650 ## - SUBJECT ADDED ENTRY--TOPICAL TERM
Source of heading or term Story
942 ## - ADDED ENTRY ELEMENTS (KOHA)
Koha item type CD-ROMs, DVDs, VHS
Classification part CD / ANIM
Source of classification or shelving scheme Dewey Decimal Classification
Holdings
Withdrawn status Lost status Source of classification or shelving scheme Damaged status Not for loan Home library Current library Date acquired Cost, normal purchase price Total Checkouts Full call number Barcode Date last seen Date checked out Cost, replacement price Price effective from Koha item type
    Dewey Decimal Classification     Central Library Central Library 15/07/2008 99.00 5 CD / ANIM DVD-000007 17/09/2009 27/08/2009 99.00 15/09/2008 CD-ROMs, DVDs, VHS
    Dewey Decimal Classification     Patel Nagar Patel Nagar 15/07/2008 99.00   CD / ANIM DVD-000009 15/09/2008   99.00 15/09/2008 CD-ROMs, DVDs, VHS
    Dewey Decimal Classification     Sarojini Nagar Sarojini Nagar 15/07/2008 99.00 9 CD / ANIM DVD-000008 06/09/2013 29/07/2013 99.00 15/09/2008 CD-ROMs, DVDs, VHS

© Delhi Public Library
Hit Counter
free hit counter